| 000 | 00573nam a2200205Ia 4500 | ||
|---|---|---|---|
| 003 | 0100 | ||
| 008 | 130303s9999 xx 000 0 und d | ||
| 040 | _cARRUPELIB | ||
| 050 | _aBJ55 .D71 1996 | ||
| 245 | _aReligion, ethics and the common good | ||
| 260 | _aMystic, CT | ||
| 260 | _bTwenty-Third Publications | ||
| 260 | _C1996 | ||
| 300 | _axvii | ||
| 300 | _b 253 p. 21cm. | ||
| 440 | _aThe Annual Publication of the College Theology Society | ||
| 650 | _bMaps -- Scientific | ||
| 700 | _aDonahue, James M. and R. S. C. J. Moser ,Theresa (ed.) | ||
| 942 | 0 | 0 | _01 |
| 999 |
_c8554 _d8554 |
||